000 00668cam a22002534a 4500
003 UPN
005 20220919214206.0
008 090212s2006 mx r 000 f spa d
020 _a9707704748
035 _aUPN01000169214
040 _aUPN
_bspa
_cUPN
049 _aCG
050 4 _aPQ8179 V3
_bC35
100 1 _aVallejo, Fernando,
_d1942-
_930274
245 1 4 _aLos caminos a Roma.
260 _aMéxico :
_bSantillana,
_c2006.
300 _a201 páginas
490 0 _aAlfaguara
600 1 4 _aVallejo, Fernando,
_d1942-
_xViajes
_946371
650 4 _aNovela colombiana
_95359
902 _bCarolina Alvarado/190922/M
905 _aLibro
942 _2lcc
_cLIBRO
999 _c141320
_d141320